| 000 | 00803nam a22002412 4500 | ||
|---|---|---|---|
| 001 | 0000002023 | ||
| 005 | 20151217154331.0 | ||
| 008 | 070330s xx 000 0 eng d | ||
| 020 |
_a0071130241 : _cKES 2,405 |
||
| 040 |
_aKABU _cKABU |
||
| 050 | 0 |
_aHD8072.5 _b.F67 2002 |
|
| 100 | 1 |
_aFossum, John A. _@0000151210 |
|
| 245 | 1 | 0 |
_aLabor relations : _bdevelopment, structure, process / _cJohn A. Fossum. |
| 250 | _a8th ed. | ||
| 260 |
_aBoston : _bIrwin/McGraw-Hill, _c2002. |
||
| 300 |
_axxii, 595 p. ; _c24 cm. |
||
| 650 | 0 |
_aIndustrial relations _zUnited States. _@0000151211 |
|
| 650 | 0 |
_aCollective bargaining _vUnited States. _@0000151212 |
|
| 650 | 0 |
_aLabor unions _vUnited States. _@0000151213 |
|
| 908 | _a070330 | ||
| 950 | _@1 | ||
| 999 |
_c10564 _d10564 |
||